000 00679nam a2200289Ia 4500
005 20260324141336.0
008 008 260324s9999 xx 000 0 eng d
020 _a9781315861128
037 _aEBOOK
040 _aCRL
040 _beng
040 _cCRL
041 _2eng
041 _aeng
084 _qCRL
100 _aDeborah V. Tudor
_91207839
245 0 _aHollywood's Vision of Team Sports
245 0 _bHeroes, Race, and Gender
260 _bTaylor and Francis
260 _c1997
365 _a
365 _b230
856 _uhttp://www.taylorfrancis.com/books/9781315861128
942 _cEBOOK
999 _c1810819
_d1810819